Countries of National Independence days In April - Statistics

General Stats
  • This quiz has been taken 8 times
  • The average score is 4 of 7
Answer Stats
How They Got Independence Hint Answer % Correct
French Mandate for Syria April 17 Syria
100%
Independence from the United Kingdom of Great Britain and Ireland. April 24 Ireland
75%
Independence from the Soviet Union April 9 Georgia
50%
Independence from France April 4 Senegal
50%
Independence from the UK April 27 Sierra Leone
50%
Independence from France April 27 Togo
50%
Independence from the UK April 18 Zimbabwe
50%
No matching quizzes found
Score Distribution
Percent of People with Each Score
Percentile by Number Answered
Your Score History
You have not taken this quiz